Phoenix Nights Characters Quiz Stats

 Plays Quiz not verified by Sporcle

Score 0/11 Timer 08:00
0 Plays Today
Hints % Correct
Peter KayMax
99.1%
Other BouncerPaddy
99.1%
Peter KayBrian Potter
98.5%
Mad DJRay Von
92.1%
Young _______Young Kenny
91.2%
Owner of Banana GroveDen Perry
90.6%
Christ is our only hopeHoly Mary
83.2%
DrummerLes
81.1%
______ JohnsonAlan
80.5%
Dave SpikeyJerry St.Clair
77.6%
Always Talk's CrapKenny Senior
73.7%

You're not logged in!

Compare scores with friends on all Sporcle quizzes.
OR
Log In

Show Comments

Extras

Created Nov 27, 2010ReportNominate
Tags:character, night, Phoenix

Top Quizzes Today


Score Distribution

Your Account Isn't Verified!

In order to create a playlist on Sporcle, you need to verify the email address you used during registration. Go to your Sporcle Settings to finish the process.

Report this User

Report this user for behavior that violates our Community Guidelines.

Details: